书目信息 |
| 题名: |
学校心理咨询与辅导
|
|
| 作者: | 邓晓红 , 严瑜 主编 | |
| 分册: | ||
| 出版信息: | 武汉 华中科技大学出版社 2011 |
|
| 页数: | 302页 | |
| 开本: | 26cm | |
| 丛书名: | ||
| 单 册: | ||
| 中图分类: | G448 | |
| 科图分类: | ||
| 主题词: | 教育心理学 , 心理咨询 , 教育心理学--心理咨询 | |
| 电子资源: | ||
| ISBN: | 978-7-5609-7590-0 | |
| 000 | 01022nam0 2200277 45 | |
| 001 | 1355417530 | |
| 005 | 20130513105234.06 | |
| 010 | @a978-7-5609-7590-0@dCNY38.00 | |
| 100 | @a20130108d2011 em y0chiy50 ea | |
| 101 | 0 | @achi |
| 102 | @aCN@b420000 | |
| 105 | @aa z 000yy | |
| 106 | @ar | |
| 200 | 1 | @a学校心理咨询与辅导@AXue Xiao Xin Li Zi Xun Yu Fu Dao@f邓晓红,严瑜主编@FDeng Xiao Hong, Yan Yu Zhu Bian |
| 210 | @a武汉@c华中科技大学出版社@d2011 | |
| 215 | @a302页@c图, 照片@d26cm | |
| 300 | @a高等学校教师教育创新培养模式“十二五”规划教材/靖国平主编 | |
| 330 | @a本书从学校心理咨询与辅导的发展简史,以及心理咨询与辅导工作对从业者的需求等问题入手,详细阐述了中学生的心理特点和常见心理问题、心理咨询与辅导的理论体系、心理咨询体系等内容。 | |
| 606 | 0 | @a教育心理学 |
| 606 | 0 | @a心理咨询 |
| 606 | 0 | @a教育心理学@x心理咨询 |
| 690 | @aG448@v5 | |
| 701 | 0 | @a邓晓红@ADeng Xiao Hong@g(心理学)@4主编 |
| 701 | 0 | @a严瑜@AYan Yu@4主编 |
| 801 | @aCN@bTANGWEI@c20130111 | |
| 905 | @b0831180-82@dG448@e202@f3 | |
| 学校心理咨询与辅导/邓晓红,严瑜主编.-武汉:华中科技大学出版社,2011 |
| 302页:图, 照片;26cm |
| 高等学校教师教育创新培养模式“十二五”规划教材/靖国平主编 |
| ISBN 978-7-5609-7590-0:CNY38.00 |
| 本书从学校心理咨询与辅导的发展简史,以及心理咨询与辅导工作对从业者的需求等问题入手,详细阐述了中学生的心理特点和常见心理问题、心理咨询与辅导的理论体系、心理咨询体系等内容。 |
| ● |
| 相关链接 |
|
|
|
|
正题名:学校心理咨询与辅导
索取号:G448/202
 
预约/预借
| 序号 | 登录号 | 条形码 | 馆藏地/架位号 | 状态 | 备注 |
| 1 | 0831180 | 208311806 | 第一样本阅览室/ [索取号:G448/202] | 在馆 | |
| 2 | 0831181 | 208311815 | 第四借阅区/ [索取号:G448/202] | 在馆 | |
| 3 | 0831182 | 208311824 | 教育系资料室/ [索取号:G448/202] | 在馆 |